| 000 | 01665nam a2200217Ia 4500 | ||
|---|---|---|---|
| 003 | Ost | ||
| 005 | 20260416102400.0 | ||
| 008 | 260416s9999||||xx |||||||||||||| ||und|| | ||
| 040 | _cfsecg | ||
| 041 | _aara | ||
| 082 | _a658.8 | ||
| 100 |
_aقرارية، فتيحة _eمؤلف |
||
| 245 | 0 |
_aتسويق فندقي : _bمطبوعة بيداغوجية موجهة لطلبة السنةالأولى ماستر تخصص تسويق الخدمات / _cفتيحة قرارية |
|
| 260 |
_aالجزائر _bجامعة الجزائر3: كلية العلوم الإقتصادية، العلوم التجارية وعلوم التسيير _c2022 |
||
| 300 |
_a106 ورقة _bايضاحات |
||
| 504 | _aالمراجع ص.101 | ||
| 520 | _a مفاهيم أساسية عن المؤسسات الفندقية،ماهية الخدمات الفندقية،التسويق الفندقي، البيئة التسويقية الفندقية، السوق الفندقي/ الإستهداف / التموضع، المزيج التسويقي للخدمات الفندقية ،الإدارة الفندقية و سلوك المستخدمين في المؤسسات الفندقية،الجودة و إدارة الجودة الشاملة في الخدمات الفندقية،لميزة التنافسية في المؤسسات الفندقية ، التسويق الإلكتروني للفنادق، الطاقة الفندقية في الجزائر. | ||
| 653 | _aالفنادق ــ تسويق | ||
| 710 |
_aجامعة الجزائر3: كلية العلوم الإقتصادية، العلوم التجارية وعلوم التسيير _eناشر علمي |
||
| 942 | _cHANDOUT | ||
| 999 |
_c41373 _d41373 |
||